000 01066nam a2200241 a 4500
008 120416s1984 ||||||||||||||||| || u
020 _a0070629218
050 _aTK 7868.D5 Tau
100 _aSchilling, Donald L
245 1 0 _aDigital integrated electronics
260 _aAuckland
_bMcGraw-Hill
_c1977 [1984]
300 _axv, 650p. : ill
350 _a0.00
490 _aMcGraw-Hill electrical and electronic engineering series
500 _aBibliography.
650 0 _aELECTRONICS
650 _aINTEGRATED CIRCUITS
650 0 _aDIGITAL ELECTRONICS
700 _aTaub, Herbert
995 _aBINDERY (DAMAGED)
_D0.00
_e727596
_FCBU-MAIN LIBRARY (Kitwe)
_H3
_I19.10
_jTK 7868.D5 Tau
_M3
_UDAMAGED
_y025373
_cMain Library Open Access Collection
995 _aBINDERY (DAMAGED)
_D0.00
_e711876
_FCBU-MAIN LIBRARY (Kitwe)
_H1
_I19.10
_jTK 7868.D5 Tau
_M1
_UDAMAGED
_y016619
_ZMain Library Open Access Collection
995 _aMAIN LIBRARY OPEN ACCESS
_D0.00
_e711877
_FCBU-MAIN LIBRARY (Kitwe)
_H2
_I19.10
_jTK 7868.D5 Tau
_M2
_UAVAILABLE
_y016624
_ZMain Library Open Access Collection
999 _c63560
_d63560